Chemistry : The molecular nature of matter and change

Bewaard in:
Bibliografische gegevens
Hoofdauteur: Silberberg, Martin S.
Formaat: Boek
Taal:Undetermined
Gepubliceerd in: Boston McGraw-Hill 2009
Onderwerpen:
Tags: Voeg label toe
Geen labels, Wees de eerste die dit record labelt!
Thư viện lưu trữ: Trung tâm Học liệu Trường Đại học Cần Thơ
LEADER 00523nam a2200193Ia 4500
001 CTU_237042
008 210402s9999 xx 000 0 und d
082 |a 540 
082 |b S582 
100 |a Silberberg, Martin S. 
245 0 |a Chemistry : 
245 4 |b The molecular nature of matter and change 
245 0 |c Martin S. Silberberg 
260 |a Boston 
260 |b McGraw-Hill 
260 |c 2009 
650 |a Chemistry,Hóa học 
904 |i Tuyến 
980 |a Trung tâm Học liệu Trường Đại học Cần Thơ